Dokumenty Evropské unie

Európske dohody a ďalej: Stratégia prípravy krajín strednej a východnej Európy k vstupu. Správa Komisie pre Radu.

Saved in:
Bibliographic Details
Format: Book Chapter
Language:Czech
Subjects:
Tags: Add Tag
No Tags, Be the first to tag this record!

MARC

LEADER 00000naa a2200000 4500
001 r024166
005 20221213082245.1
041 0 |a cze 
044 |a CZ 
245 1 0 |a Dokumenty Evropské unie 
520 |a Európske dohody a ďalej: Stratégia prípravy krajín strednej a východnej Európy k vstupu. Správa Komisie pre Radu. 
610 2 0 |a Európska únia 
610 2 0 |a dokumenty